[Event "NCA-ch Fase 2"]
[Site "Managua"]
[Date "2022.01.23"]
[Round "3"]
[White "Espinoza Ortega, Yader Francisco"]
[Black "Moncada, Orlando Jose"]
[Result "1-0"]
[WhiteElo "1534"]
[BlackElo "1444"]
[PlyCount "74"]
[EventDate "2022.01.22"]
[EventType "swiss"]
[EventRounds "9"]
[EventCountry "NCA"]
[SourceTitle "CBM 207 Extra"]
[Source "ChessBase"]
[SourceDate "2022.05.31"]
[SourceVersion "1"]
[SourceVersionDate "2022.05.31"]
[SourceQuality "1"]

1. e4 e6 2. e5 d5 3. exd6 Bxd6 4. d4 Ne7 5. Nf3 0-0 6. Bd3 Nd7 7. 0-0 c5 8. c3 cxd4 9. Nxd4 Nf6 10. Bg5 Ng6 11. Qf3 Ne5 12. Qh3 Nxd3 13. Qxd3 Bxh2+ 14. Kxh2 Ng4+ 15. Kg1 Qxg5 16. Qg3 e5 17. Nf3 Qf4 18. Qh4 f6 19. Rd1 Bf5 20. Nbd2 g5 21. Qh1 e4 22. g3 Qc7 23. Nd4 Qc5 24. Nxe4 Bxe4 25. Qxe4 f5 26. Qc2 Rae8 27. Re1 Re5 28. Nf3 Rfe8 29. Nxe5 Nxe5 30. Rxe5 Qxe5 31. Rd1 Kg7 32. Qd2 f4 33. Qd7+ Kg6 34. Qg4 fxg3 35. Qxg3 Qf5 36. Qd3 h5 37. Qxf5+ Kxf5 1-0

[Event "NCA-ch Fase 2"]
[Site "Managua"]
[Date "2022.01.22"]
[Round "1"]
[White "Ortiz, Heriberto"]
[Black "Moncada, Orlando Jose"]
[Result "1-0"]
[WhiteElo "1835"]
[BlackElo "1444"]
[PlyCount "69"]
[EventDate "2022.01.22"]
[EventType "swiss"]
[EventRounds "9"]
[EventCountry "NCA"]
[SourceTitle "CBM 207 Extra"]
[Source "ChessBase"]
[SourceDate "2022.05.31"]
[SourceVersion "1"]
[SourceVersionDate "2022.05.31"]
[SourceQuality "1"]

1. e4 e6 2. d4 d5 3. Nc3 Nf6 4. Bg5 Be7 5. e5 Nfd7 6. Bxe7 Qxe7 7. Nf3 c5 8. Nb5 0-0 9. Nc7 Nb6 10. Nxa8 Nxa8 11. Be2 cxd4 12. Nxd4 Nc6 13. Nxc6 bxc6 14. 0-0 Nc7 15. c4 f6 16. exf6 Rxf6 17. Qa4 Qc5 18. b4 Qb6 19. cxd5 exd5 20. Rae1 a6 21. Qb3 Be6 22. a4 Rf4 23. b5 axb5 24. axb5 c5 25. Qg3 Rf6 26. Bg4 Rg6 27. Bxe6+ Nxe6 28. Qe5 d4 29. Qd5 h6 30. f4 Kh7 31. f5 Rg5 32. Rxe6 Qxb5 33. Qe4 Qc4 34. f6+ g6 35. Qb7+ 1-0

[Event "Managua Ramirez de Arellano Memorial"]
[Site "Managua"]
[Date "2021.07.10"]
[Round "1"]
[White "Flores, Manuel"]
[Black "Moncada, Orlando Jose"]
[Result "1-0"]
[WhiteElo "1929"]
[BlackElo "1466"]
[PlyCount "81"]
[EventDate "2021.07.10"]
[EventType "swiss"]
[EventRounds "9"]
[EventCountry "NCA"]
[SourceTitle "EXT 2023"]
[Source "ChessBase"]
[SourceDate "2022.10.05"]
[SourceVersion "1"]
[SourceVersionDate "2022.10.05"]
[SourceQuality "1"]

1. d4 d5 2. Nf3 e6 3. c4 c6 4. e3 Nf6 5. Nc3 Be7 6. a4 a5 7. Bd3 Nbd7 8. 0-0 0-0 9. Qc2 h6 10. Rd1 Qc7 11. h3 Re8 12. e4 dxe4 13. Nxe4 Nxe4 14. Bxe4 Nf6 15. Bd3 Bb4 16. Ne5 c5 17. Be3 cxd4 18. Bxd4 Rd8 19. Nf3 Nd7 20. Rac1 Nc5 21. Be5 Qe7 22. Bh7+ Kf8 23. Rxd8+ Qxd8 24. Rd1 Bd7 25. Bd6+ Ke8 26. Bxc5 Bxc5 27. Ne5 Rc8 28. Nxd7 Qxd7 29. Rxd7 Kxd7 30. Be4 Rc7 31. Qd2+ Ke7 32. Qxa5 b6 33. Qc3 f6 34. Qg3 Kd8 35. Qc3 Rd7 36. Bf3 Bd4 37. Qc2 Bc5 38. b3 Bb4 39. Qe4 e5 40. Bg4 Rd4 41. Qa8+ 1-0

[Event "Managua Gomez Argenal Memorial"]
[Site "Managua"]
[Date "2021.05.29"]
[Round "1"]
[White "Moncada, Orlando Jose"]
[Black "Ortiz, Marcos"]
[Result "0-1"]
[WhiteElo "1507"]
[BlackElo "2202"]
[PlyCount "68"]
[EventDate "2021.05.29"]
[EventType "swiss"]
[EventRounds "9"]
[EventCountry "NCA"]
[SourceTitle "EXT 2022"]
[Source "ChessBase"]
[SourceDate "2021.10.06"]
[SourceVersion "1"]
[SourceVersionDate "2021.10.06"]
[SourceQuality "1"]

1. c4 g6 2. Nc3 Bg7 3. d4 Nf6 4. e4 d6 5. Bd3 Nc6 6. Bc2 e5 7. d5 Nd4 8. Bd3 0-0 9. Nge2 c5 10. 0-0 Nh5 11. Ng3 Nf4 12. Nge2 Qh4 13. Nxf4 exf4 14. g3 fxg3 15. fxg3 Qh3 16. Rf2 Bg4 17. Qf1 Qh5 18. Be3 Be5 19. Re1 Nf3+ 20. Rxf3 Bxf3 21. Qf2 Rae8 22. Be2 Bxe2 23. Nxe2 Qg4 24. Nc3 Bxc3 25. bxc3 Qxe4 26. Qf6 Qe5 27. Qxe5 Rxe5 28. Kf2 Rfe8 29. Bd2 Rxe1 30. Bxe1 Re4 31. Bd2 Rxc4 32. Kf3 Kf8 33. g4 b5 34. Kg3 a5 0-1

[Event "NCA-chT 1st Stage"]
[Site "Managua"]
[Date "2020.10.10"]
[Round "5.19"]
[White "Moncada, Orlando Jose"]
[Black "Lopez Cerda, Mario Enrique"]
[Result "0-1"]
[WhiteElo "1526"]
[BlackElo "1342"]
[PlyCount "65"]
[EventDate "2020.10.03"]
[EventType "team-swiss"]
[EventRounds "9"]
[EventCountry "NCA"]
[SourceTitle "EXT 2022"]
[Source "ChessBase"]
[SourceDate "2021.10.06"]
[SourceVersion "1"]
[SourceVersionDate "2021.10.06"]
[SourceQuality "1"]

1. e4 c5 2. f4 Nc6 3. Nf3 d6 4. Bc4 Nf6 5. d3 e6 6. e5 Nd7 7. exd6 Bxd6 8. 0-0 0-0 9. Nc3 Nb6 10. Bb5 Nd4 11. Nxd4 cxd4 12. Ne4 a6 13. Bc4 Nxc4 14. dxc4 Qb6 15. Qd3 Rd8 16. a3 Bd7 17. b4 Qc7 18. c5 Be7 19. Rf3 Bc6 20. Rh3 f5 21. Ng5 Bxg5 22. fxg5 Be4 23. Qf1 Rd5 24. Bf4 e5 25. Bd2 Rad8 26. Qe2 d3 27. Qh5 f4 28. c3 Bf5 29. Rh4 Bg6 30. Qd1 b6 31. cxb6 Qxb6+ 32. Kh1 Qf2 33. Be1 0-1

[Event "NCA-chT final"]
[Site "Managua"]
[Date "2018.11.11"]
[Round "8.2"]
[White "Espinoza Solano, Jose Nahum"]
[Black "Moncada, Orlando Jose"]
[Result "1-0"]
[WhiteElo "1999"]
[BlackElo "1600"]
[PlyCount "87"]
[EventDate "2018.10.27"]
[EventType "team-tourn"]
[EventRounds "11"]
[EventCountry "NCA"]
[SourceTitle "EXT 2020"]
[Source "ChessBase"]
[SourceDate "2019.10.17"]
[SourceVersion "1"]
[SourceVersionDate "2019.10.17"]
[SourceQuality "1"]

1. e4 e6 2. Qe2 Nc6 3. Nf3 Bc5 4. c3 Nge7 5. g3 e5 6. Bg2 Bb6 7. 0-0 d6 8. d3 0-0 9. a4 a5 10. Nbd2 f5 11. Nc4 fxe4 12. dxe4 Bc5 13. Be3 b6 14. Rfd1 Ng6 15. Qd3 Be6 16. Ng5 Qe7 17. h4 h6 18. Nxe6 Qxe6 19. Bxc5 bxc5 20. Ne3 Nce7 21. Rd2 Rf7 22. Qb5 c6 23. Qd3 h5 24. Nc4 Nc8 25. Rad1 Rfa7 26. Qe2 Qg4 27. Qxg4 hxg4 28. Nxd6 Nb6 29. Bf1 Rd7 30. Nc4 Rxd2 31. Rxd2 Nxc4 32. Bxc4+ Kf8 33. Kf1 Ra7 34. Ke2 Rc7 35. Rd8+ Ke7 36. Ra8 Nf8 37. Rxa5 Nd7 38. Ra8 Kd6 39. a5 Nf6 40. Ke3 g6 41. a6 Rg7 42. b3 g5 43. hxg5 Rxg5 44. a7 1-0